Statystyki dla Skład FC Barcelona 2021/22

Kliknij tutaj aby rozwiązać quiz!

Ogólne statystyki

  • Ten quiz został rozwiązany 1 551 razy
  • Średni wynik to 18 z 30

Statystyki odpowiedzi

PozycjaPiłkarz% Poprawnych
BRMark Andre Ter Stegen
96%
LOJordi Alba
86%
ŚPPedri
86%
ŚPGavi
85%
ŚOGerard Pique
85%
ŚPFrenkie de Jong
81%
ŚNLuuk de Jong
80%
ŚPDSergio Busquets
78%
ŚORonald Araujo
77%
ŚNMemphis Depay
75%
PNOusmane Dembele
74%
BRNeto
71%
LNAnsu Fati
67%
ŚPSergi Roberto
66%
ŚOSamuel Umtiti
62%
POSergino Dest
62%
ŚOClement Lenglet
57%
BRInaki Pena
57%
ŚOEric Garcia
55%
PODani Alves
54%
LOAlex Balde
53%
ŚOOscar Mingueza
41%
ŚPOPhilippe Coutinho
38%
ŚPNico Gonzalez
33%
ŚPRiqui Puig
33%
ŚNMartin Braithwaite
32%
LNEz Abde
21%
ŚNSergio Aguero
21%
POMoussa Wague
14%
PNYusuf Demir
10%

Rozkład punktacji

Percentyl według liczby udzielonych odpowiedzi

Procent ludzi z każdym wynikiem

Twoja historia wyników

Nie rozwiązałeś tego quizu